Zwycięzcy ligi mistrzów - Nagła śmierć - Statystyki

Ogólne statystyki
  • Ten quiz został rozwiązany 153 razy
  • Średni wynik to 11 z 20
Answers on the Grid
Answers color-coded by a green-red scale on the quiz's grid according to % correct below.
Aston Villa
Arsenal
Olympique Marsylia
Ajax
Napoli
Atletico Madryt
Feyenoord
FC Porto
Juventus
Newcastle
Benfica
Legia Warszawa
AS Monaco
Celtic
Galatasaray
Borussia Dortmund
Crvena Zvezda
Bayer Leverkusen
Sevilla
RB Lipsk
Chelsea
Hamburger SV
Fiorentina
Nottingham Forest
Club Brugge
Dynamo Kijów
Inter
Atalanta
Real Betis
Bayern
Steaua Bukareszt
Manchester United
Eintracht Frankfurt
Fenerbahce
Liverpool
AS Roma
FC Barcelona
AC Milan
Slavia Praga
Real Sociedad
 
Statystyki odpowiedzi
Odpowiedź % Poprawnych
FC Barcelona
70%
Juventus
70%
AC Milan
68%
Ajax
68%
Liverpool
68%
Manchester United
68%
Bayern
66%
FC Porto
66%
Chelsea
64%
Inter
61%
Borussia Dortmund
57%
Olympique Marsylia
50%
Aston Villa
48%
Crvena Zvezda
45%
Feyenoord
45%
Steaua Bukareszt
41%
Celtic
38%
Nottingham Forest
38%
Benfica
36%
Hamburger SV
32%
Nie znaleziono quizów pasujących do podanych kryteriów
Rozkład punktacji
Procent ludzi z każdym wynikiem
Percentyl według liczby udzielonych odpowiedzi
Twoja historia wyników
Nie rozwiązałeś tego quizu